[Event "Paul Keres mem. (44th)"]
[Site "Richmond CAN"]
[Date "2019.05.19"]
[Round "4.3"]
[White "Doknjas, Joshua"]
[Black "McLaren, Brian"]
[Result "0-1"]
[WhiteElo "2367"]
[BlackElo "2190"]
[PlyCount "90"]
[EventDate "2019.05.18"]
[EventType "swiss"]
[EventRounds "6"]
[EventCountry "CAN"]

1. e4 Nf6 2. e5 Nd5 3. d4 d6 4. c4 Nb6 5. exd6 exd6 6. Nc3 Be7 7. Bd3 O-O 8.
Nge2 c6 9. O-O Na6 10. a3 Be6 11. b3 d5 12. c5 Nd7 13. Qc2 g6 14. b4 Nc7 15. a4
Re8 16. Nf4 Bf6 17. Nce2 Bg7 18. Rb1 f5 19. Nxe6 Nxe6 20. Bb2 Qh4 21. g3 Qh5
22. f3 Bf6 23. Kg2 Qh6 24. Bc3 Qg7 25. Qb2 Re7 26. f4 Rae8 27. Rf2 Nd8 28. Qd2
h5 29. Rc1 Qh8 30. Bb1 Bg7 31. Ng1 Nf6 32. Re2 Rxe2+ 33. Nxe2 Ne4 34. Bxe4 Rxe4
35. b5 Kf7 36. Kf2 h4 37. Rg1 Ne6 38. bxc6 bxc6 39. Rd1 hxg3+ 40. hxg3 Qh2+ 41.
Kf1 g5 42. Qb2 gxf4 43. gxf4 Qh1+ 44. Ng1 Rxf4+ 45. Ke2 Qe4+ 0-1

[Event "Paul Keres mem. (44th)"]
[Site "Richmond CAN"]
[Date "2019.05.19"]
[Round "4.4"]
[White "Doknjas, Neil"]
[Black "Nyamdorj, Davaa-Ochir"]
[Result "1-0"]
[WhiteElo "2064"]
[BlackElo "2317"]
[PlyCount "63"]
[EventDate "2019.05.18"]
[EventType "swiss"]
[EventRounds "6"]
[EventCountry "CAN"]

1. e4 e5 2. Nf3 Nc6 3. d4 exd4 4. Nxd4 Qf6 5. Be3 Bc5 6. c3 Nge7 7. Bc4 Ne5 8.
Be2 Qg6 9. O-O d5 10. Bh5 Qf6 11. Nd2 g6 12. Be2 h5 13. Nb5 Bb6 14. exd5 Bf5
15. d6 Nd5 16. Bxb6 cxb6 17. Nf3 Be4 18. c4 Nf4 19. Nxe5 Qg5 20. Bf3 Nxg2 21.
d7+ Kf8 22. Qd6+ Kg7 23. Bxe4 h4 24. Bxg2 h3 25. Qd5 hxg2 26. Qxf7+ Kh6 27.
Rfe1 Raf8 28. Qxg6+ Qxg6 29. Nxg6 Kxg6 30. Nc7 Rd8 31. Rad1 Rh7 32. Ne6 1-0

[Event "Paul Keres mem. (44th)"]
[Site "Richmond CAN"]
[Date "2019.05.19"]
[Round "4.5"]
[White "Sadoughian-Zadeh, Farshad"]
[Black "Zhou, Aiden"]
[Result "0-1"]
[WhiteElo "2110"]
[BlackElo "2034"]
[PlyCount "126"]
[EventDate "2019.05.18"]
[EventType "swiss"]
[EventRounds "6"]
[EventCountry "CAN"]

1. d4 Nf6 2. c4 g6 3. g3 Bg7 4. Bg2 O-O 5. Nf3 d6 6. O-O Nc6 7. Nc3 a6 8. h3
Bd7 9. b3 Rb8 10. Bb2 b5 11. cxb5 axb5 12. Re1 b4 13. Nb1 Ne4 14. Qc2 f5 15.
Nbd2 d5 16. Rec1 e6 17. Ne5 Nxe5 18. dxe5 Bh6 19. e3 Rb7 20. Bd4 Rf7 21. Bf1 c6
22. Kg2 Bf8 23. Qb2 Qa5 24. Nxe4 fxe4 25. Qc2 c5 26. Bxc5 Rc7 27. Bxb4 Rxc2 28.
Bxa5 Rfxf2+ 29. Kg1 Bc5 30. Rxc2 Rxc2 31. Re1 Rxa2 32. Bc7 Rb2 33. Bd6 Bxd6 34.
exd6 Rxb3 35. Ra1 Rb6 36. Ra8+ Kf7 37. Rh8 Rxd6 38. Rxh7+ Kf6 39. g4 e5 40. Bg2
Be6 41. Ra7 Rd7 42. Ra6 Ke7 43. g5 Bf5 44. Ra5 Ke6 45. Ra6+ Rd6 46. Ra8 d4 47.
Kf2 Rb6 48. Ra2 Rb3 49. Ra6+ Kd5 50. Ra5+ Kd6 51. Ra6+ Kc5 52. Ra5+ Rb5 53. Ra2
Kb4 54. Rb2+ Ka4 55. Rd2 d3 56. Ra2+ Kb3 57. Ra6 Rd5 58. Ke1 d2+ 59. Kd1 Kc3
60. Ra3+ Kb4 61. Ra2 Rd3 62. Rxd2 Kc3 63. Rxd3+ exd3 0-1

[Event "Paul Keres mem. (44th)"]
[Site "Richmond CAN"]
[Date "2019.05.19"]
[Round "4.6"]
[White "Lehingrat, Callum"]
[Black "Mohammed Qanee, Arpak Worya"]
[Result "1/2-1/2"]
[WhiteElo "2052"]
[BlackElo "2194"]
[PlyCount "89"]
[EventDate "2019.05.18"]
[EventType "swiss"]
[EventRounds "6"]
[EventCountry "CAN"]

1. Nf3 d5 2. e3 g6 3. c4 c6 4. Nc3 Nf6 5. d4 Bg7 6. Bd3 O-O 7. O-O dxc4 8. Bxc4
b5 9. Bd3 Nbd7 10. Qe2 b4 11. Na4 Qa5 12. b3 Qh5 13. Bb2 c5 14. dxc5 Nxc5 15.
Nxc5 Qxc5 16. Rac1 Qa5 17. Bd4 Nd7 18. Be4 Ba6 19. Qd2 Rad8 20. Bxg7 Kxg7 21.
Rfd1 Nf6 22. Qb2 Kg8 23. Bc6 Rxd1+ 24. Rxd1 Rc8 25. Ne5 Qc5 26. Rc1 Qd6 27. f4
Nd5 28. Bxd5 Qxd5 29. Rxc8+ Bxc8 30. Qd4 Bb7 31. Qxd5 Bxd5 32. Nd3 a5 33. Nc5
f6 34. Kf2 Kf7 35. e4 Bc6 36. Ke3 e5 37. g3 Ke7 38. Nd3 Kd6 39. fxe5+ fxe5 40.
h4 h5 41. Nb2 Bb5 42. Nd3 Bd7 43. Nb2 Be6 44. Kd3 Kc5 45. Ke3 1/2-1/2

[Event "Paul Keres mem. (44th)"]
[Site "Richmond CAN"]
[Date "2019.05.19"]
[Round "4.7"]
[White "Ferguson, Peter"]
[Black "Wu, Howard"]
[Result "0-1"]
[WhiteElo "2035"]
[BlackElo "2114"]
[PlyCount "96"]
[EventDate "2019.05.18"]
[EventType "swiss"]
[EventRounds "6"]
[EventCountry "CAN"]

1. e4 c5 2. Nc3 Nc6 3. g3 g6 4. b3 Bg7 5. Bb2 d6 6. Bg2 e5 7. Nge2 Nge7 8. Nd5
Nxd5 9. exd5 Ne7 10. f4 O-O 11. fxe5 dxe5 12. c4 Nf5 13. O-O Nd6 14. Rc1 Bd7
15. b4 b6 16. Qb3 Bg4 17. Nc3 Bf5 18. Rf2 cxb4 19. Qxb4 Rc8 20. Nb5 Nxb5 21.
Qxb5 Re8 22. Qa6 Qd7 23. Rcf1 Rc5 24. g4 Ra5 25. Qxa5 bxa5 26. gxf5 g5 27. Re2
Qc7 28. Rc1 e4 29. Bxg7 Qc5+ 30. Kh1 Kxg7 31. Bxe4 Qa3 32. f6+ Kxf6 33. Rf1+
Kg7 34. d3 Qc5 35. Ref2 Re7 36. Rf5 h6 37. Bf3 Qd4 38. Bh5 Qxd3 39. Bxf7 Re5
40. R5f3 Qe4 41. Bh5 Rf5 42. d6 Kf6 43. c5 Rf4 44. d7 Ke7 45. Bg4 Rxg4 46. c6
Qxc6 47. h3 Rf4 48. Kg2 Kxd7 0-1

[Event "Paul Keres mem. (44th)"]
[Site "Richmond CAN"]
[Date "2019.05.19"]
[Round "4.8"]
[White "Patterson, Roger"]
[Black "Dave, Bhavik"]
[Result "1-0"]
[WhiteElo "1999"]
[BlackElo "2081"]
[PlyCount "99"]
[EventDate "2019.05.18"]
[EventType "swiss"]
[EventRounds "6"]
[EventCountry "CAN"]

1. c4 Nf6 2. Nc3 e6 3. e4 d5 4. e5 Nfd7 5. d4 dxc4 6. Bxc4 Nb6 7. Bb3 c6 8. Nf3
Be7 9. O-O Nd5 10. Ne4 Na6 11. Bg5 h6 12. Nd6+ Kf8 13. Bxe7+ Nxe7 14. Rc1 Nc7
15. Qd2 Ne8 16. Ne4 Kg8 17. Rfd1 Kh7 18. Qd3 Ng6 19. h4 Kg8 20. g3 Ne7 21. a3
Nd5 22. Bc4 g6 23. b4 a6 24. Ba2 Kg7 25. Bb1 Qe7 26. h5 gxh5 27. Kg2 h4 28.
Nxh4 Nf4+ 29. gxf4 Qxh4 30. Kf3 Qh3+ 31. Ng3 h5 32. Rh1 Qg4+ 33. Ke3 Nc7 34.
Nxh5+ Kf8 35. Rcg1 Nd5+ 36. Kd2 Qxg1 37. Rxg1 Rxh5 38. Qc4 Rh8 39. Qc5+ Ke8 40.
Rg4 a5 41. bxa5 Bd7 42. Bd3 Rf8 43. Rh4 Rg8 44. Bc4 Rf8 45. Qxf8+ Kxf8 46. Rh8+
Ke7 47. Rxa8 f6 48. Rb8 Nxf4 49. Rxb7 fxe5 50. a6 1-0

[Event "Paul Keres mem. (44th)"]
[Site "Richmond CAN"]
[Date "2019.05.19"]
[Round "4.9"]
[White "Salcedo, Daniel E"]
[Black "Moura, Eduardo"]
[Result "1/2-1/2"]
[WhiteElo "2021"]
[BlackElo "2075"]
[PlyCount "91"]
[EventDate "2019.05.18"]
[EventType "swiss"]
[EventRounds "6"]
[EventCountry "CAN"]

1. d4 d6 2. c4 Nf6 3. Nc3 Nbd7 4. Nf3 e5 5. d5 Be7 6. e4 Nc5 7. Qc2 a5 8. Be3
Nfd7 9. b3 O-O 10. h3 c6 11. Be2 Qc7 12. O-O g6 13. Bh6 Rd8 14. Be3 Rf8 15. Nd2
Qd8 16. f4 exf4 17. Bxf4 Ne5 18. Nf3 Bf6 19. Nxe5 Bxe5 20. Bxe5 dxe5 21. Rad1
Qg5 22. Qd2 h6 23. Qxg5 hxg5 24. Rf6 Ra6 25. Rd6 f6 26. Bg4 Bxg4 27. hxg4 cxd5
28. Rxa6 bxa6 29. Rxd5 Rc8 30. Rd6 Kf7 31. Kf2 a4 32. b4 Ne6 33. c5 a5 34. a3
axb4 35. axb4 Rb8 36. Rb6 Ra8 37. Rb7+ Ke8 38. c6 a3 39. Na2 Rc8 40. b5 Nd4 41.
Ke3 Nxc6 42. bxc6 Rxc6 43. Rb3 Rc2 44. Rxa3 Rxg2 45. Nc3 Rxg4 46. Ra7 1/2-1/2

[Event "Paul Keres mem. (44th)"]
[Site "Richmond CAN"]
[Date "2019.05.19"]
[Round "4.10"]
[White "Zheng, Maven"]
[Black "James, Rowan"]
[Result "0-1"]
[WhiteElo "1914"]
[BlackElo "1940"]
[PlyCount "140"]
[EventDate "2019.05.18"]
[EventType "swiss"]
[EventRounds "6"]
[EventCountry "CAN"]

1. d4 d5 2. c4 e6 3. Nc3 Nf6 4. Nf3 Be7 5. Bf4 c6 6. e3 O-O 7. Bd3 Nbd7 8. O-O
dxc4 9. Bxc4 b5 10. Bd3 Qb6 11. a3 Bb7 12. Qc2 a6 13. b4 a5 14. Qb3 Ra7 15.
Rfc1 Rfa8 16. Ra2 axb4 17. axb4 Rxa2 18. Nxa2 Nd5 19. Bg5 f6 20. Bh4 Qa6 21.
Nc3 Qa3 22. Qxa3 Rxa3 23. Nxd5 exd5 24. Bf5 Nb6 25. Rb1 Ra4 26. Ne1 Rxb4 27.
Rc1 Ra4 28. f3 Kf7 29. Bf2 Nc4 30. Bc2 Ra3 31. e4 b4 32. exd5 cxd5 33. Rb1 Na5
34. Nd3 b3 35. Bd1 Ba6 36. Nc1 Bc4 37. Be1 b2 38. Rxb2 Ra1 39. Bxa5 Rxc1 40.
Rd2 Bb3 41. Kf2 Rxd1 42. Rb2 Ra1 43. Bc3 Ra2 44. Ke3 Rxb2 45. Bxb2 Bd6 46. h3
Bc4 47. g4 g5 48. Kf2 Ke6 49. Bc3 Kd7 50. Ba5 Be7 51. Bd2 Kc6 52. Bc3 Kb5 53.
Bd2 Bd3 54. f4 Kc4 55. fxg5 fxg5 56. Be3 Bf6 57. Kg3 Be4 58. Kh2 Kd3 59. Bc1 h6
60. h4 gxh4 61. Kh3 Bg5 62. Bb2 Bf3 63. Ba1 Kc2 64. Kh2 Bxg4 65. Kg2 Bf4 66.
Kg1 h3 67. Bc3 Kxc3 68. Kf1 Bg3 69. Kg1 h2+ 70. Kg2 Bf3+ 0-1

[Event "Paul Keres mem. (44th)"]
[Site "Richmond CAN"]
[Date "2019.05.20"]
[Round "5.1"]
[White "Orlov, Georgi"]
[Black "Huang, Patrick"]
[Result "1-0"]
[WhiteElo "2503"]
[BlackElo "2197"]
[PlyCount "67"]
[EventDate "2019.05.18"]
[EventType "swiss"]
[EventRounds "6"]
[EventCountry "CAN"]

1. Nf3 g6 2. d4 Bg7 3. c4 d6 4. Nc3 c6 5. g3 Nf6 6. Bg2 O-O 7. O-O Nbd7 8. e4
e5 9. h3 Re8 10. Be3 exd4 11. Nxd4 Nc5 12. Qc2 Qe7 13. Rfe1 a5 14. Rad1 Be6 15.
b3 a4 16. b4 Ncd7 17. Nxe6 Qxe6 18. Nxa4 b5 19. cxb5 cxb5 20. Nc3 Rac8 21. Bd4
Ne5 22. Qe2 Rc4 23. Nxb5 Rec8 24. a3 Rc2 25. Rd2 Qb3 26. Nxd6 Rxd2 27. Qxd2 Rc2
28. Qe3 Qe6 29. Bxe5 Qxe5 30. Nxf7 Qb2 31. e5 Kxf7 32. Qa7+ Kf8 33. exf6 Bxf6
34. Bd5 1-0

[Event "Paul Keres mem. (44th)"]
[Site "Richmond CAN"]
[Date "2019.05.20"]
[Round "5.2"]
[White "McLaren, Brian"]
[Black "Kaufman, Raymond"]
[Result "0-1"]
[WhiteElo "2190"]
[BlackElo "2362"]
[PlyCount "94"]
[EventDate "2019.05.18"]
[EventType "swiss"]
[EventRounds "6"]
[EventCountry "CAN"]

1. e4 c5 2. Nc3 a6 3. g3 b5 4. Bg2 Bb7 5. b3 g6 6. Bb2 Bg7 7. Nge2 d6 8. O-O
Nc6 9. Qc1 Nd4 10. Nxd4 cxd4 11. Ne2 e5 12. c4 Ne7 13. d3 O-O 14. Qd2 f5 15.
Rac1 fxe4 16. dxe4 Qd7 17. Rc2 bxc4 18. bxc4 Rac8 19. Nc1 Qe6 20. Qb4 Rb8 21.
Qa4 Rfc8 22. Rd1 Bc6 23. Qa3 Bb5 24. Bf1 Bxc4 25. Rxc4 Rxc4 26. Bxc4 Qxc4 27.
Nd3 Qc6 28. Rc1 Qxe4 29. Qxd6 Rf8 30. Qxa6 Kh8 31. Ba3 Ra8 32. Qd6 Nf5 33. Qd7
h5 34. Rc8+ Rxc8 35. Qxc8+ Kh7 36. Qc2 h4 37. Qd1 Qa8 38. g4 Nh6 39. Be7 h3 40.
Qf1 Qf3 41. Bh4 e4 42. Ne1 Qxg4+ 43. Bg3 d3 44. f3 Bd4+ 45. Kh1 Qf5 46. f4 d2
47. Nc2 e3 0-1

[Event "Paul Keres mem. (44th)"]
[Site "Richmond CAN"]
[Date "2019.05.20"]
[Round "5.3"]
[White "Zhou, Aiden"]
[Black "Doknjas, Neil"]
[Result "1/2-1/2"]
[WhiteElo "2034"]
[BlackElo "2064"]
[PlyCount "37"]
[EventDate "2019.05.18"]
[EventType "swiss"]
[EventRounds "6"]
[EventCountry "CAN"]

1. d4 d5 2. Bf4 Nf6 3. e3 c5 4. c3 Qb6 5. Qb3 c4 6. Qc2 g6 7. Nd2 Bf5 8. Qc1
Nc6 9. Ngf3 Bg7 10. h3 Nd7 11. e4 Bxe4 12. Nxe4 dxe4 13. Nd2 Na5 14. Nxe4 e5
15. dxe5 Bxe5 16. Bxe5 Nxe5 17. Qg5 f5 18. O-O-O Rd8 19. Rxd8+ 1/2-1/2

[Event "Paul Keres mem. (44th)"]
[Site "Richmond CAN"]
[Date "2019.05.20"]
[Round "5.4"]
[White "Wu, Howard"]
[Black "Nyamdorj, Davaa-Ochir"]
[Result "0-1"]
[WhiteElo "2114"]
[BlackElo "2317"]
[PlyCount "86"]
[EventDate "2019.05.18"]
[EventType "swiss"]
[EventRounds "6"]
[EventCountry "CAN"]

1. Nf3 d5 2. g3 Bg4 3. Bg2 c6 4. d4 Nf6 5. O-O e6 6. Ne5 Bh5 7. c4 Nbd7 8. Bf4
Nxe5 9. Bxe5 Bd6 10. Nc3 O-O 11. Bxd6 Qxd6 12. Qb3 a5 13. c5 Qc7 14. f3 Rfb8
15. Na4 e5 16. Nb6 Ra6 17. e3 e4 18. fxe4 Nxe4 19. Bxe4 dxe4 20. Rf4 Re8 21.
Nc4 a4 22. Qc2 Bg6 23. Raf1 Re6 24. Ne5 Rxe5 25. dxe5 Qxe5 26. Rd1 h6 27. Rd4
Ra5 28. Rc4 Rb5 29. b3 axb3 30. axb3 Ra5 31. Rf1 Qg5 32. Qc3 Ra2 33. Rf2 Rxf2
34. Kxf2 Qh5 35. Qd4 Qxh2+ 36. Kf1 Bh5 37. Qd7 Qh1+ 38. Kf2 Qf3+ 39. Kg1 Qxg3+
40. Kf1 Qf3+ 41. Kg1 Qxe3+ 42. Kh2 Qf2+ 43. Kh3 f5 0-1

[Event "Paul Keres mem. (44th)"]
[Site "Richmond CAN"]
[Date "2019.05.20"]
[Round "5.5"]
[White "Mohammed Qanee, Arpak Worya"]
[Black "Patterson, Roger"]
[Result "1/2-1/2"]
[WhiteElo "2194"]
[BlackElo "1999"]
[PlyCount "84"]
[EventDate "2019.05.18"]
[EventType "swiss"]
[EventRounds "6"]
[EventCountry "CAN"]

1. e4 d6 2. d4 Nf6 3. Nc3 e5 4. dxe5 dxe5 5. Qxd8+ Kxd8 6. Bc4 Be6 7. Bxe6 fxe6
8. Bg5 Nbd7 9. O-O-O Bc5 10. f3 Ke7 11. Nge2 h6 12. Bd2 a6 13. Ng3 Rad8 14.
Nce2 Nb8 15. c3 Nc6 16. Kc2 Rd7 17. Bc1 Rhd8 18. Rxd7+ Rxd7 19. Nf1 Kf7 20. a4
g5 21. h4 Kg6 22. g4 Bf2 23. hxg5 hxg5 24. Rh2 Bc5 25. b4 Bb6 26. Ne3 Bxe3 27.
Bxe3 Rh7 28. Rxh7 Nxh7 29. Kb3 Kf6 30. b5 axb5 31. axb5 Ne7 32. Kb4 Ng6 33. c4
Nf4 34. Ng1 Nf8 35. c5 N8g6 36. Kc4 Ke7 37. Bc1 c6 38. bxc6 bxc6 39. Bb2 Kd7
40. Kc3 Kc7 41. Kd2 Kb7 42. Kc3 Ka6 1/2-1/2

[Event "Paul Keres mem. (44th)"]
[Site "Richmond CAN"]
[Date "2019.05.20"]
[Round "5.6"]
[White "Sadoughian-Zadeh, Farshad"]
[Black "Salcedo, Daniel E"]
[Result "1-0"]
[WhiteElo "2110"]
[BlackElo "2021"]
[PlyCount "59"]
[EventDate "2019.05.18"]
[EventType "swiss"]
[EventRounds "6"]
[EventCountry "CAN"]

1. d4 Nf6 2. c4 g6 3. g3 Bg7 4. Bg2 O-O 5. Nf3 d6 6. O-O c6 7. Nc3 Qa5 8. h3
Qb4 9. Nd2 e5 10. a3 Qb6 11. c5 Qd8 12. dxe5 dxe5 13. Qc2 Na6 14. b4 Nc7 15.
Nc4 Qe7 16. Bb2 Nfe8 17. Rad1 f5 18. Nd6 Ne6 19. e3 Nxd6 20. cxd6 Qf7 21. f4
Bd7 22. Na4 exf4 23. exf4 Bxb2 24. Nxb2 Rac8 25. Nc4 Qf6 26. Ne5 Rfd8 27. Rfe1
Kg7 28. Qf2 b6 29. g4 fxg4 30. Nxg4 1-0

[Event "Paul Keres mem. (44th)"]
[Site "Richmond CAN"]
[Date "2019.05.20"]
[Round "5.8"]
[White "James, Rowan"]
[Black "Lehingrat, Callum"]
[Result "1/2-1/2"]
[WhiteElo "1940"]
[BlackElo "2052"]
[PlyCount "76"]
[EventDate "2019.05.18"]
[EventType "swiss"]
[EventRounds "6"]
[EventCountry "CAN"]

1. e4 c5 2. Nf3 e6 3. c3 Nf6 4. d3 Nc6 5. Be2 Be7 6. O-O Qc7 7. Re1 O-O 8. Bf1
d6 9. a3 a6 10. b4 b6 11. d4 Bb7 12. Bg5 h6 13. Bh4 Rfd8 14. Bg3 Nh5 15. Nbd2
Nxg3 16. hxg3 Bf6 17. Rc1 Rac8 18. Nb3 Be7 19. Qe2 Nb8 20. Qe3 Nd7 21. Nbd2 Qb8
22. e5 cxd4 23. cxd4 dxe5 24. dxe5 b5 25. Bd3 Bf8 26. g4 g6 27. g5 h5 28. Ne4
Bxe4 29. Qxe4 Bg7 30. Rxc8 Rxc8 31. a4 Rd8 32. axb5 axb5 33. Qe2 Nxe5 34. Nxe5
Bxe5 35. Qxe5 Qxe5 36. Rxe5 Rxd3 37. Rxb5 Rd1+ 38. Kh2 Rd4 1/2-1/2

[Event "Paul Keres mem. (44th)"]
[Site "Richmond CAN"]
[Date "2019.05.20"]
[Round "5.9"]
[White "Zheng, Victor"]
[Black "Gu, Chuyang"]
[Result "1/2-1/2"]
[WhiteElo "2000"]
[BlackElo "1825"]
[PlyCount "136"]
[EventDate "2019.05.18"]
[EventType "swiss"]
[EventRounds "6"]
[EventCountry "CAN"]

1. Nf3 Nf6 2. g3 d5 3. Bg2 c6 4. O-O Bg4 5. d4 Nbd7 6. Nbd2 e6 7. c4 Bd6 8. b3
O-O 9. Bb2 Re8 10. Ne5 Bf5 11. Rc1 Qc7 12. Ndf3 Rad8 13. e3 Be4 14. Qe2 h6 15.
Rfd1 Nf8 16. a3 a5 17. Qe1 Qe7 18. Ra1 Bc2 19. Rdc1 Bxb3 20. c5 Bc7 21. a4 Ne4
22. Ra3 f6 23. Rxb3 fxe5 24. Nxe5 Bxe5 25. dxe5 Qc7 26. f3 Ng5 27. f4 Ne4 28.
Bxe4 dxe4 29. Bc3 Qe7 30. Bxa5 Ra8 31. Qb4 Ra6 32. Bb6 Rc8 33. Qxe4 Nd7 34. a5
Nxb6 35. axb6 Ra5 36. Qb4 Rca8 37. Rd3 Qf7 38. Rcd1 Qe7 39. Rd7 Qxc5 40. Qxc5
Rxc5 41. Rd8+ Rxd8 42. Rxd8+ Kh7 43. Rd7 Rb5 44. Rxb7 c5 45. Kf2 Rb2+ 46. Ke1
c4 47. Kd1 c3 48. h4 Kg6 49. g4 h5 50. gxh5+ Kxh5 51. Rxg7 Rxb6 52. Kc2 Rc6 53.
Rh7+ Kg6 54. Rh8 Kg7 55. Rh5 Kg6 56. Rg5+ Kh6 57. e4 Rc5 58. Rg8 Kh5 59. Re8
Kg4 60. h5 Kxf4 61. h6 Rc7 62. Rxe6 Kxe4 63. Rg6 Rh7 64. e6 Kf5 65. e7 Rxe7 66.
Rg7 Re8 67. h7 Rh8 68. Kxc3 Kf6 1/2-1/2

[Event "Paul Keres mem. (44th)"]
[Site "Richmond CAN"]
[Date "2019.05.20"]
[Round "5.10"]
[White "Dave, Bhavik"]
[Black "Ferguson, Peter"]
[Result "1-0"]
[WhiteElo "2081"]
[BlackElo "2035"]
[PlyCount "131"]
[EventDate "2019.05.18"]
[EventType "swiss"]
[EventRounds "6"]
[EventCountry "CAN"]

1. d4 f5 2. Nc3 g6 3. Bf4 d6 4. e3 Bg7 5. Nf3 c6 6. Bc4 Nf6 7. Qd2 b5 8. Bb3 a6
9. Ng5 d5 10. h4 a5 11. a3 h6 12. Nf3 Nbd7 13. Be5 e6 14. Qd1 Qb6 15. Ne2 c5
16. Nf4 c4 17. Ba2 Nf8 18. g4 fxg4 19. Nh2 h5 20. f3 N8d7 21. Bxf6 Bxf6 22.
fxg4 Bxh4+ 23. Kd2 Bg5 24. c3 b4 25. Nxg6 bxc3+ 26. Kxc3 Rg8 27. gxh5 Nf6 28.
Bb1 Rb8 29. Ra2 e5 30. Nxe5 Qb3+ 31. Qxb3 Rxb3+ 32. Kd2 Bxe3+ 33. Kd1 Rg2 34.
Bg6+ Kf8 35. Ra1 Rbxb2 36. Nhf3 Kg7 37. Re1 Ng4 38. Nxg4 Bxg4 39. Rxe3 Rg1+ 40.
Re1 Bxf3+ 41. Kc1 Rbg2 42. Rxg1 Rxg1+ 43. Kb2 c3+ 44. Ka2 Rxa1+ 45. Kxa1 Be4
46. Be8 Kf6 47. Ka2 Kg5 48. Kb3 c2 49. Kb2 Kf4 50. Bg6 Kg5 51. Bxe4 dxe4 52.
Kxc2 Kxh5 53. Kd2 Kg4 54. Ke3 Kf5 55. a4 Ke6 56. Kxe4 Kd6 57. Kd3 Kd5 58. Kc3
Kd6 59. Kc4 Kc6 60. d5+ Kb6 61. Kd4 Kb7 62. Kc5 Kc7 63. Kb5 Kd6 64. Kxa5 Kc5
65. Ka6 Kxd5 66. Kb7 1-0

[Event "Paul Keres mem. (44th)"]
[Site "Richmond CAN"]
[Date "2019.05.20"]
[Round "6.1"]
[White "Zhou, Aiden"]
[Black "Orlov, Georgi"]
[Result "0-1"]
[WhiteElo "2034"]
[BlackElo "2503"]
[PlyCount "90"]
[EventDate "2019.05.18"]
[EventType "swiss"]
[EventRounds "6"]
[EventCountry "CAN"]

1. d4 Nf6 2. c4 Nc6 3. Nf3 e6 4. g3 Bb4+ 5. Bd2 Qe7 6. a3 Bxd2+ 7. Qxd2 d5 8.
Bg2 O-O 9. O-O Rd8 10. Qc2 e5 11. dxe5 Nxe5 12. cxd5 Nxd5 13. Nc3 Nc6 14. Rfd1
Be6 15. Nd4 Nxd4 16. Rxd4 Nxc3 17. Qxc3 c5 18. Rxd8+ Rxd8 19. e3 b6 20. Bf3 Bd5
21. Bxd5 Rxd5 22. Re1 Qe4 23. Re2 Rd1+ 24. Re1 Rd3 25. Qc2 h5 26. Qe2 g6 27.
Rd1 c4 28. Rxd3 cxd3 29. Qd2 Qc4 30. Kf1 Qc2 31. Ke1 Qb1+ 32. Qd1 d2+ 33. Kxd2
Qxb2+ 34. Qc2 Qxa3 35. Qc8+ Kg7 36. Qc7 Qb2+ 37. Ke1 a5 38. e4 a4 39. e5 a3 40.
e6 a2 41. Qxf7+ Kh6 42. Qf8+ Qg7 43. e7 a1=Q+ 44. Kd2 Qad4+ 45. Kc2 Qc5+ 0-1

[Event "Paul Keres mem. (44th)"]
[Site "Richmond CAN"]
[Date "2019.05.20"]
[Round "6.2"]
[White "Kaufman, Raymond"]
[Black "Doknjas, Neil"]
[Result "1-0"]
[WhiteElo "2362"]
[BlackElo "2064"]
[PlyCount "93"]
[EventDate "2019.05.18"]
[EventType "swiss"]
[EventRounds "6"]
[EventCountry "CAN"]

1. d4 d5 2. c4 e6 3. Nc3 Nf6 4. cxd5 exd5 5. Bg5 Be7 6. e3 c6 7. Bd3 O-O 8. h3
Nbd7 9. Qc2 Re8 10. Nf3 Nf8 11. Ne5 Ne4 12. Bxe7 Qxe7 13. O-O f6 14. Nf3 f5 15.
Ne5 Nd7 16. f4 Nxe5 17. fxe5 Qg5 18. Rf3 Qh4 19. Raf1 Be6 20. Kh2 g5 21. Ne2
Rf8 22. Bxe4 dxe4 23. R3f2 Rf7 24. Qc5 Qh6 25. b3 Kg7 26. Ng3 Qg6 27. Nxe4 g4
28. Ng3 Qg5 29. Rf4 Raf8 30. e4 fxe4 31. Nxe4 g3+ 32. Kg1 Rxf4 33. Qxf8+ Rxf8
34. Nxg5 Rxf1+ 35. Kxf1 Bd5 36. Nf3 Bxf3 37. gxf3 h5 38. h4 Kg6 39. Kg2 Kf5 40.
f4 b6 41. Kxg3 a6 42. Kf3 a5 43. Ke3 a4 44. bxa4 Ke6 45. Ke4 c5 46. dxc5 bxc5
47. a5 1-0

[Event "Paul Keres mem. (44th)"]
[Site "Richmond CAN"]
[Date "2019.05.20"]
[Round "6.3"]
[White "Nyamdorj, Davaa-Ochir"]
[Black "McLaren, Brian"]
[Result "1-0"]
[WhiteElo "2317"]
[BlackElo "2190"]
[PlyCount "75"]
[EventDate "2019.05.18"]
[EventType "swiss"]
[EventRounds "6"]
[EventCountry "CAN"]

1. d4 f5 2. Nf3 Nf6 3. g3 e6 4. Bg2 d5 5. O-O Bd6 6. c4 c6 7. Qc2 O-O 8. b3 Qe7
9. Bb2 Ne4 10. Ne5 Nd7 11. Nd2 Qg5 12. Ndf3 Qh5 13. e3 Ndf6 14. Ne1 Ng5 15. h4
Nge4 16. N1d3 Qe8 17. Qe2 Qe7 18. Qe1 Nd7 19. a3 a5 20. Qe2 Rf6 21. Bf3 Rf8 22.
Kg2 Ndf6 23. Rh1 Bd7 24. Nf4 c5 25. Nxd7 Qxd7 26. cxd5 exd5 27. dxc5 Bxc5 28.
Rhd1 Rac8 29. Bxf6 Nxf6 30. Nxd5 Nxd5 31. Rxd5 Qe7 32. Qc4 b5 33. Qxb5 Bxa3 34.
Qxa5 Bb4 35. Qb5 Rb8 36. Qc4 Kh8 37. Rad1 Rbc8 38. Qf4 1-0

[Event "Paul Keres mem. (44th)"]
[Site "Richmond CAN"]
[Date "2019.05.20"]
[Round "6.4"]
[White "Huang, Patrick"]
[Black "Sadoughian-Zadeh, Farshad"]
[Result "1-0"]
[WhiteElo "2197"]
[BlackElo "2110"]
[PlyCount "63"]
[EventDate "2019.05.18"]
[EventType "swiss"]
[EventRounds "6"]
[EventCountry "CAN"]

1. d4 Nf6 2. Bf4 g6 3. Nc3 d5 4. e3 Bg7 5. h4 h5 6. Nf3 O-O 7. Be2 c6 8. Nh2
Nbd7 9. g4 e5 10. dxe5 Nxg4 11. Bxg4 hxg4 12. Nxg4 f6 13. e6 Ne5 14. Nxe5 fxe5
15. Bg5 Bf6 16. Bh6 Bxe6 17. h5 g5 18. Bxf8 Qxf8 19. Qe2 e4 20. O-O-O Qb4 21.
Rdg1 Kh8 22. Qd2 Rd8 23. a3 Qc4 24. h6 Kh7 25. Qe2 Qc5 26. f4 Bxc3 27. fxg5 d4
28. g6+ Kh8 29. g7+ Kh7 30. Qg2 Qf5 31. g8=Q+ Rxg8 32. Qg7+ 1-0

[Event "Paul Keres mem. (44th)"]
[Site "Richmond CAN"]
[Date "2019.05.20"]
[Round "6.5"]
[White "James, Rowan"]
[Black "Mohammed Qanee, Arpak Worya"]
[Result "0-1"]
[WhiteElo "1940"]
[BlackElo "2194"]
[PlyCount "58"]
[EventDate "2019.05.18"]
[EventType "swiss"]
[EventRounds "6"]
[EventCountry "CAN"]

1. e4 c5 2. Nf3 Nc6 3. d3 g6 4. g3 Bg7 5. Bg2 Nf6 6. O-O d6 7. Nc3 O-O 8. Re1
e5 9. h3 Rb8 10. Nh2 b5 11. f4 Nh5 12. Ne2 Nd4 13. Nxd4 cxd4 14. Qf3 Qc7 15.
Re2 f5 16. exf5 Bb7 17. Qf2 Rxf5 18. Nf3 Rbf8 19. g4 Rxf4 20. Bxf4 Nxf4 21. Rf1
Bh6 22. Ree1 Nd5 23. Qh4 Be3+ 24. Kh1 Nf4 25. Qg3 Qxc2 26. Nh4 Nxg2 27. Rxf8+
Kxf8 28. Nxg2 Kg7 29. Rf1 Qxd3 0-1

[Event "Paul Keres mem. (44th)"]
[Site "Richmond CAN"]
[Date "2019.05.20"]
[Round "6.6"]
[White "Gu, Chuyang"]
[Black "Wu, Howard"]
[Result "0-1"]
[WhiteElo "1825"]
[BlackElo "2114"]
[PlyCount "50"]
[EventDate "2019.05.18"]
[EventType "swiss"]
[EventRounds "6"]
[EventCountry "CAN"]

1. e4 c5 2. Nf3 d6 3. d4 cxd4 4. Nxd4 Nf6 5. Nc3 Nc6 6. Bg5 e6 7. Qd2 a6 8. f4
h6 9. Bxf6 Qxf6 10. Nxc6 bxc6 11. O-O-O e5 12. fxe5 Qxe5 13. Bc4 Be7 14. Kb1
O-O 15. Rdf1 Bf6 16. h4 Rb8 17. Bb3 a5 18. Rf3 Bg4 19. Rf4 h5 20. Rhf1 Qd4 21.
Qxd4 Bxd4 22. Rxf7 Rxf7 23. Rxf7 Rxb3 24. Rxg7+ Kxg7 25. axb3 Kf6 0-1

[Event "Paul Keres mem. (44th)"]
[Site "Richmond CAN"]
[Date "2019.05.20"]
[Round "6.8"]
[White "Lehingrat, Callum"]
[Black "Moura, Eduardo"]
[Result "0-1"]
[WhiteElo "2052"]
[BlackElo "2075"]
[PlyCount "74"]
[EventDate "2019.05.18"]
[EventType "swiss"]
[EventRounds "6"]
[EventCountry "CAN"]

1. Nf3 d6 2. d4 Nf6 3. c4 Nbd7 4. Nc3 e5 5. e4 Be7 6. Be2 O-O 7. O-O c6 8. h3
a6 9. Be3 b5 10. a3 Bb7 11. d5 cxd5 12. cxd5 Rc8 13. Rc1 h6 14. Nd2 Re8 15. b4
Nb6 16. Nb3 Rxc3 17. Rxc3 Nxe4 18. Rc1 Nxd5 19. Bd2 Nxd2 20. Nxd2 Bg5 21. g3 e4
22. h4 Bxh4 23. Nxe4 Rxe4 24. Bf3 Re5 25. gxh4 Qxh4 26. Re1 Rg5+ 27. Kf1 Qh3+
28. Ke2 Nf4+ 29. Kd2 Bxf3 30. Re8+ Kh7 31. Qc2+ Qf5 32. Qc3 Nd5 33. Qd4 Rg4 34.
Qa7 Rc4 35. Rxc4 bxc4 36. Qb8 Qd3+ 37. Ke1 Qd1# 0-1